Macroeconomics (Record no. 8182)

MARC details
000 -LEADER
campo de control de longitud fija 00731nam a2200241 i 4500
001 - NÚMERO DE CONTROL
campo de control 8182
003 - IDENTIFICADOR DE NÚMERO DE CONTROL
campo de control ES-MaACL
005 - FECHA Y HORA DE LA ÚLTIMA TRANSACCIÓN
campo de control 20250806083208.0
007 - CAMPO FIJO DE DESCRIPCIÓN FÍSICA--INFORMACIÓN GENERAL
campo de control de longitud fija t|
008 - DATOS DE LONGITUD FIJA--INFORMACIÓN GENERAL
campo de control de longitud fija 920302r19901982xxk ||||1| eng d
020 ## - NÚMERO INTERNACIONAL ESTÁNDAR DEL LIBRO
Número Internacional Estándar del Libro 0-333-34145-7
080 ## - NÚMERO DE LA CLASIFICACIÓN DECIMAL UNIVERSAL
Número de la Clasificación Decimal Universal 330.18
100 1# - ENTRADA PRINCIPAL--NOMBRE DE PERSONA
Nombre de persona Levacic, Rosalind.
9 (RLIN) 71909
245 10 - MENCIÓN DEL TÍTULO
Título Macroeconomics
Resto del título : an introduction to keynessian-neoclassical controversies /
Mención de responsabilidad, etc. Rosalind Levacic and Alexander Rebmann.
250 ## - MENCION DE EDICION
Mención de edición 2nd ed.
260 ## - PUBLICACIÓN, DISTRIBUCIÓN, ETC.
Lugar de publicación, distribución, etc. London :
Nombre del editor, distribuidor, etc. MacMillan,
Fecha de publicación, distribución, etc. 1982 (
Fecha de fabricación/manufactura 1990 imp.)
300 ## - DESCRIPCIÓN FÍSICA
Extensión XVII, 455 p. ;
Dimensiones 24 cm.
500 ## - NOTA GENERAL
Nota general Indices.
650 17 - PUNTO DE ACCESO ADICIONAL DE MATERIA--TÉRMINO DE MATERIA
Término de materia o nombre geográfico como elemento de entrada Macroeconomía
Fuente del encabezamiento o término embne
9 (RLIN) 14719
700 1# - ENTRADA AGREGADA--NOMBRE PERSONAL
Nombre de persona Rebmann, Alexander.
9 (RLIN) 95699
852 ## - LOCALIZACIÓN
Ubicación ES-MaACL
Número de control de estantería L-15473
Sublocalización o colección R.119873
Holdings
Estatus retirado Estado de pérdida Estado de daño No para préstamo Biblioteca de origen Biblioteca actual Ubicación en estantería Fecha de adquisición Fuente de adquisición Total de préstamos Signatura topográfica completa Código de barras Visto por última vez Precio de reemplazo Tipo de ítem Koha
        Biblioteca del Ateneo de Madrid Biblioteca del Ateneo de Madrid Depósito 2 17/01/2008     L-15473 1008345 23/02/2023 23/02/2023 Libro impreso